<?xml version="1.0" encoding="UTF-8"?>
<collection xmlns="http://www.loc.gov/MARC21/slim">
 <record>
  <leader>01925aam a22003138a 4500</leader>
  <controlfield tag="001">NCT_9522</controlfield>
  <controlfield tag="008">111228s2005                  ||||||viesd</controlfield>
  <datafield tag="999" ind1=" " ind2=" ">
   <subfield code="c">470</subfield>
   <subfield code="d">470</subfield>
  </datafield>
  <datafield tag="020" ind1=" " ind2=" ">
   <subfield code="c">30000</subfield>
  </datafield>
  <datafield tag="082" ind1="0" ind2="4">
   <subfield code="2">23rd ed.</subfield>
   <subfield code="a">615.32</subfield>
   <subfield code="b">C126</subfield>
  </datafield>
  <datafield tag="100" ind1="1" ind2=" ">
   <subfield code="a">Nguyễn Đức Đoàn</subfield>
   <subfield code="e">Chủ biên</subfield>
  </datafield>
  <datafield tag="245" ind1="0" ind2="0">
   <subfield code="a">Cây rau cây thuốc</subfield>
   <subfield code="c">Chủ biên: Nguyễn Đức Đoàn, Phạm Hưng Củng </subfield>
  </datafield>
  <datafield tag="250" ind1=" " ind2=" ">
   <subfield code="a">Tái bản lần thứ 6 có sửa chữa</subfield>
  </datafield>
  <datafield tag="260" ind1=" " ind2=" ">
   <subfield code="a">H.</subfield>
   <subfield code="b">Y học</subfield>
   <subfield code="c">2011</subfield>
  </datafield>
  <datafield tag="300" ind1=" " ind2=" ">
   <subfield code="a">59tr.</subfield>
   <subfield code="b">ảnh</subfield>
   <subfield code="c">19cm</subfield>
  </datafield>
  <datafield tag="500" ind1=" " ind2=" ">
   <subfield code="a">ĐTTS ghi: Bộ Y tế. Vụ Y học cổ truyền</subfield>
  </datafield>
  <datafield tag="520" ind1="3" ind2=" ">
   <subfield code="a">Giới thiệu công dụng và các bài thuốc ứng dụng các loại cây rau làm thuốc chữa bệnh như cây bạc hà, bí ngô, cải củ, cần tây...</subfield>
  </datafield>
  <datafield tag="700" ind1="1" ind2=" ">
   <subfield code="a">Tô Văn Sáng</subfield>
   <subfield code="e">Hiệu đính</subfield>
  </datafield>
  <datafield tag="700" ind1="1" ind2=" ">
   <subfield code="a">Nguyễn Đình Cẩm</subfield>
  </datafield>
  <datafield tag="700" ind1="1" ind2=" ">
   <subfield code="a">Tô Văn Nại</subfield>
  </datafield>
  <datafield tag="700" ind1="1" ind2=" ">
   <subfield code="a">Phạm Hưng Củng</subfield>
   <subfield code="e">Chủ biên</subfield>
  </datafield>
  <datafield tag="700" ind1="1" ind2=" ">
   <subfield code="a">Lê Thị Cảnh Khuê</subfield>
  </datafield>
  <datafield tag="942" ind1=" " ind2=" ">
   <subfield code="2">ddc</subfield>
   <subfield code="c">BK</subfield>
  </datafield>
  <datafield tag="952" ind1=" " ind2=" ">
   <subfield code="0">0</subfield>
   <subfield code="1">0</subfield>
   <subfield code="2">ddc</subfield>
   <subfield code="4">0</subfield>
   <subfield code="6">615_320000000000000_C126</subfield>
   <subfield code="7">0</subfield>
   <subfield code="9">3200</subfield>
   <subfield code="a">000001</subfield>
   <subfield code="b">000001</subfield>
   <subfield code="d">2017-11-10</subfield>
   <subfield code="l">2</subfield>
   <subfield code="o">615.32 C126</subfield>
   <subfield code="p">MD.04800</subfield>
   <subfield code="r">2018-04-06</subfield>
   <subfield code="s">2018-03-06</subfield>
   <subfield code="v">30000.00</subfield>
   <subfield code="w">2017-11-10</subfield>
   <subfield code="y">BK</subfield>
  </datafield>
  <datafield tag="952" ind1=" " ind2=" ">
   <subfield code="0">0</subfield>
   <subfield code="1">0</subfield>
   <subfield code="2">ddc</subfield>
   <subfield code="4">0</subfield>
   <subfield code="6">615_320000000000000_C126</subfield>
   <subfield code="7">0</subfield>
   <subfield code="9">3201</subfield>
   <subfield code="a">000001</subfield>
   <subfield code="b">000001</subfield>
   <subfield code="d">2017-11-10</subfield>
   <subfield code="o">615.32 C126</subfield>
   <subfield code="p">MD.04638</subfield>
   <subfield code="r">2017-11-10</subfield>
   <subfield code="v">30000.00</subfield>
   <subfield code="w">2017-11-10</subfield>
   <subfield code="y">BK</subfield>
  </datafield>
  <datafield tag="952" ind1=" " ind2=" ">
   <subfield code="0">0</subfield>
   <subfield code="1">0</subfield>
   <subfield code="2">ddc</subfield>
   <subfield code="4">0</subfield>
   <subfield code="6">615_320000000000000_C126</subfield>
   <subfield code="7">0</subfield>
   <subfield code="9">3202</subfield>
   <subfield code="a">000001</subfield>
   <subfield code="b">000001</subfield>
   <subfield code="d">2017-11-10</subfield>
   <subfield code="l">2</subfield>
   <subfield code="m">1</subfield>
   <subfield code="o">615.32 C126</subfield>
   <subfield code="p">MD.04799</subfield>
   <subfield code="r">2020-12-03</subfield>
   <subfield code="s">2020-11-19</subfield>
   <subfield code="v">30000.00</subfield>
   <subfield code="w">2017-11-10</subfield>
   <subfield code="y">BK</subfield>
  </datafield>
  <datafield tag="952" ind1=" " ind2=" ">
   <subfield code="0">0</subfield>
   <subfield code="1">0</subfield>
   <subfield code="2">ddc</subfield>
   <subfield code="4">0</subfield>
   <subfield code="6">615_320000000000000_C126</subfield>
   <subfield code="7">0</subfield>
   <subfield code="9">3203</subfield>
   <subfield code="a">000001</subfield>
   <subfield code="b">000001</subfield>
   <subfield code="d">2017-11-10</subfield>
   <subfield code="l">3</subfield>
   <subfield code="o">615.32 C126</subfield>
   <subfield code="p">MD.04798</subfield>
   <subfield code="r">2021-04-13</subfield>
   <subfield code="s">2021-03-31</subfield>
   <subfield code="v">30000.00</subfield>
   <subfield code="w">2017-11-10</subfield>
   <subfield code="y">BK</subfield>
  </datafield>
  <datafield tag="952" ind1=" " ind2=" ">
   <subfield code="0">0</subfield>
   <subfield code="1">0</subfield>
   <subfield code="2">ddc</subfield>
   <subfield code="4">0</subfield>
   <subfield code="6">615_320000000000000_C126</subfield>
   <subfield code="7">0</subfield>
   <subfield code="9">19639</subfield>
   <subfield code="a">000001</subfield>
   <subfield code="b">000001</subfield>
   <subfield code="d">2020-05-28</subfield>
   <subfield code="l">1</subfield>
   <subfield code="o">615.32 C126</subfield>
   <subfield code="p">MD.17192</subfield>
   <subfield code="r">2020-11-05</subfield>
   <subfield code="s">2020-10-26</subfield>
   <subfield code="v">30000.00</subfield>
   <subfield code="w">2020-05-28</subfield>
   <subfield code="y">BK</subfield>
  </datafield>
  <datafield tag="980" ind1=" " ind2=" ">
   <subfield code="a">Thư viện Trường Đại học Nam Cần Thơ</subfield>
  </datafield>
 </record>
</collection>
